书目信息 |
| 题名: |
电子产品结构及工艺
|
|
| 作者: | 高小梅 , 龙立钦 主编 | |
| 分册: | ||
| 出版信息: | 北京 电子工业出版社 2016.5 |
|
| 页数: | 10,236页 | |
| 开本: | 26cm | |
| 丛书名: | ||
| 单 册: | ||
| 中图分类: | TN05 | |
| 科图分类: | ||
| 主题词: | 电子产品--生产工艺--中等专业学校--教材 | |
| 电子资源: | ||
| ISBN: | 978-7-121-26971-4 | |
| 000 | 01110nam0 2200265 450 | |
| 001 | 0400005917 | |
| 005 | 20171031140401.0 | |
| 010 | @a978-7-121-26971-4@dCNY35.00 | |
| 100 | @a20160826d2016 em y0chiy50 ea | |
| 101 | 0 | @achi |
| 102 | @aCN@b110000 | |
| 105 | @aak az 000yy | |
| 106 | @ar | |
| 200 | 1 | @a电子产品结构及工艺@Adian zi chan pin jie gou ji gong yi@f高小梅,龙立钦主编 |
| 210 | @a北京@c电子工业出版社@d2016.5 | |
| 215 | @a10,236页@c图@d26cm | |
| 300 | @a“十二五”职业教育国家规划教材 电子与信息技术 | |
| 320 | @a有书目 | |
| 330 | @a本书按照现代电子产品工艺的生产顺序进行编写,内容包括电子产品结构工艺基础、常用材料、常用电子元器件、印制电路板设计与制造、电子产品装连技术、焊接技术、电子产品装配工艺、表面组装技术、电子产品调试工艺、电子产品结构、电子产品技术文件、电子产品装调实训。在每章后面都设置有练习题,并在实践性、可操作性的章节,安排有相应的实训环节。 | |
| 606 | 0 | @a电子产品@x生产工艺@x中等专业学校@j教材 |
| 690 | @aTN05@v5 | |
| 701 | 0 | @a高小梅@Agao xiao mei@4主编 |
| 701 | 0 | @a龙立钦@Along li qin@4主编 |
| 801 | 0 | @aCN@b上海新华@c20171031 |
| 905 | @b1023556-60@dTN05@e148@f5 | |
| 电子产品结构及工艺/高小梅,龙立钦主编.-北京:电子工业出版社,2016.5 |
| 10,236页:图;26cm |
| “十二五”职业教育国家规划教材 电子与信息技术 |
| ISBN 978-7-121-26971-4:CNY35.00 |
| 本书按照现代电子产品工艺的生产顺序进行编写,内容包括电子产品结构工艺基础、常用材料、常用电子元器件、印制电路板设计与制造、电子产品装连技术、焊接技术、电子产品装配工艺、表面组装技术、电子产品调试工艺、电子产品结构、电子产品技术文件、电子产品装调实训。在每章后面都设置有练习题,并在实践性、可操作性的章节,安排有相应的实训环节。 |
| ● |
| 相关链接 |
|
|
|
|
正题名:电子产品结构及工艺
索取号:TN05/148
 
预约/预借
| 序号 | 登录号 | 条形码 | 馆藏地/架位号 | 状态 | 备注 |
| 1 | 1023556 | 210235565 | 第二样本阅览室/ [索取号:TN05/148] | 在馆 | |
| 2 | 1023557 | 210235574 | 第三借阅区/ [索取号:TN05/148] | 在馆 | |
| 3 | 1023558 | 210235583 | 第三借阅区/ [索取号:TN05/148] | 在馆 | |
| 4 | 1023559 | 210235592 | 第三借阅区/ [索取号:TN05/148] | 在馆 | |
| 5 | 1023560 | 210235609 | 密集书库-物理学院/ [索取号:TN05/148] | 在馆 |